000
00326nam a22001337a 4500
008
180913b xxu||||| |||| 00| 0 eng d
020
_a
9780321279088
041
_a
eng
080
_2
3 ED
_a
510
100
_a
37
101
_a
MAT
245
_a
College Algebra With Modeling And Visualizartion
_c
Gary.r
942
_2
udc
_c
BK
999
_c
47725
_d
47725